Normal view
MARC view
- Supervisor: Dr. Farhan Hussain Co-Supervisor: Dr. Shoab Ahmed Khan
Entry Corporate Name
001 - CONTROL NUMBER
- control field: 111785
003 - CONTROL NUMBER IDENTIFIER
- control field: NUST
005 - DATE AND TIME OF LATEST TRANSACTION
- control field: 20230412102459.0
008 - FIXED-LENGTH DATA ELEMENTS
- fixed length control field: 230412|| aca||aabn | a|a d
040 ## - CATALOGING SOURCE
- Original cataloging agency: NUST
- Transcribing agency: NUST
110 ## - HEADING--CORPORATE NAME
- Corporate name or jurisdiction name as entry element: Supervisor: Dr. Farhan Hussain Co-Supervisor: Dr. Shoab Ahmed Khan
670 ## - SOURCE DATA FOUND
- Source citation: Work cat.: (NUST): Sidra Ejaz 111784, TH-SOF-2147-A Knowledge and Data-Driven Computerized Physician Order Entry System, 2023.
